[Event "Penang op 4th"]
[Site "Penang"]
[Date "2012.12.11"]
[Round "2"]
[White "Chua, Jing Yuan Cyril"]
[Black "Wong, Jianwen"]
[Result "0-1"]
[WhiteElo "1678"]
[BlackElo "2044"]
[PlyCount "78"]
[EventDate "2012.12.11"]
[EventType "swiss"]
[EventRounds "9"]
[EventCountry "MAS"]
[SourceTitle "EXT 2014"]
[Source "ChessBase"]
[SourceDate "2013.11.20"]
[SourceVersion "1"]
[SourceVersionDate "2013.11.20"]
[SourceQuality "1"]

1. e4 Nc6 2. Nf3 d5 3. exd5 Qxd5 4. Nc3 Qa5 5. d4 Bg4 6. Bb5 0-0-0 7. Bxc6 bxc6 8. h3 Qh5 9. Qd3 Bxf3 10. gxf3 Nf6 11. Qa6+ Kd7 12. Qd3 e6 13. Bd2 Qg6 14. Qxg6 hxg6 15. Ne4 Ke8 16. Nxf6+ gxf6 17. c3 Rd5 18. Ke2 Rdh5 19. c4 Rxh3 20. Rxh3 Rxh3 21. b4 Rh4 22. Kd3 Rh3 23. Ke2 Kd7 24. a4 e5 25. dxe5 fxe5 26. c5 Ke6 27. Be3 a6 28. Rd1 Be7 29. f4 e4 30. Rd4 f5 31. Rd1 Rh8 32. Bd4 Rd8 33. Rd2 Bf6 34. Be3 Rxd2+ 35. Bxd2 Kd5 36. f3 Bb2 37. fxe4+ Kxe4 38. Kf2 Bd4+ 39. Kg3 Be3 0-1

[Event "Buxton e2e4 op"]
[Site "Buxton"]
[Date "2012.07.01"]
[Round "4"]
[White "Chua, Jing Yuan Cyril"]
[Black "Burke, Steven J"]
[Result "0-1"]
[WhiteElo "1688"]
[BlackElo "2046"]
[PlyCount "65"]
[EventDate "2012.06.29"]
[EventType "swiss"]
[EventRounds "5"]
[EventCountry "ENG"]
[SourceTitle "CBM 149 Extra"]
[Source "ChessBase"]
[SourceDate "2012.08.24"]
[SourceVersion "1"]
[SourceVersionDate "2012.08.24"]
[SourceQuality "1"]

1. d4 g6 2. e4 Bg7 3. c4 c5 4. d5 d6 5. Nc3 Nf6 6. Be2 0-0 7. Be3 Qa5 8. Bd2 Qc7 9. g4 a6 10. a4 e6 11. g5 Ne8 12. h4 Qe7 13. Qc2 Nc7 14. 0-0-0 b5 15. Bd3 Nd7 16. f4 b4 17. Nce2 b3 18. Qb1 Nb6 19. Bc3 Nxa4 20. Bxg7 Kxg7 21. f5 exf5 22. exf5 Bxf5 23. Bxf5 gxf5 24. Qxf5 f6 25. gxf6+ Rxf6 26. Qg5+ Kh8 27. Rd3 Rg8 28. Qe3 Rf1+ 29. Kd2 Qf6 30. Rxb3 Re8 31. Qg5 Qf2 32. Rf3 Qe1+ 33. Kc2 0-1

[Event "Buxton e2e4 Major op 06"]
[Site "Buxton"]
[Date "2012.06.30"]
[Round "3"]
[White "Wyza, Matthew P"]
[Black "Chua, Jing Yuan Cyril"]
[Result "1-0"]
[WhiteElo "1774"]
[BlackElo "1688"]
[PlyCount "77"]
[EventDate "2012.06.29"]
[EventType "swiss"]
[EventRounds "5"]
[EventCountry "ENG"]
[SourceTitle "EXT 2014"]
[Source "ChessBase"]
[SourceDate "2013.11.20"]
[SourceVersion "1"]
[SourceVersionDate "2013.11.20"]
[SourceQuality "1"]

1. e4 c5 2. c3 d5 3. exd5 Qxd5 4. d4 Nc6 5. Nf3 Bg4 6. dxc5 Qxd1+ 7. Kxd1 0-0-0+ 8. Nbd2 e5 9. b4 e4 10. h3 Bxf3+ 11. gxf3 Nf6 12. Kc2 exf3 13. Nxf3 g6 14. Ng5 Rd7 15. Bb5 h6 16. Nf3 Bg7 17. Bxc6 bxc6 18. Nd4 Ne4 19. Be3 Kb7 20. b5 Bxd4 21. bxc6+ Kxc6 22. cxd4 Rhd8 23. Rab1 f5 24. Rhg1 g5 25. f3 Nf6 26. Bf2 Re7 27. Rge1 Rde8 28. Rxe7 Rxe7 29. Re1 Rxe1 30. Bxe1 Nd5 31. Bd2 f4 32. Kd3 Nf6 33. Kc4 h5 34. Ba5 g4 35. hxg4 h4 36. g5 Nd5 37. g6 Ne3+ 38. Kd3 Nf5 39. Bd2 1-0

[Event "London e2e4 Diamond Jubilee op-B"]
[Site "London"]
[Date "2012.06.04"]
[Round "4"]
[White "Bovtramovics, Vladimirs"]
[Black "Chua, Jing Yuan Cyril"]
[Result "1-0"]
[WhiteElo "1784"]
[BlackElo "2250"]
[PlyCount "55"]
[EventDate "2012.06.02"]
[EventType "swiss"]
[EventRounds "7"]
[EventCountry "ENG"]
[SourceTitle "EXT 2014"]
[Source "ChessBase"]
[SourceDate "2013.11.20"]
[SourceVersion "1"]
[SourceVersionDate "2013.11.20"]
[SourceQuality "1"]

1. e4 c5 2. Nf3 e6 3. c4 Nc6 4. Nc3 Nge7 5. d4 cxd4 6. Nxd4 Nxd4 7. Qxd4 Nc6 8. Qd1 Bc5 9. Be2 0-0 10. 0-0 f5 11. exf5 Rxf5 12. Bd3 Rf8 13. Bxh7+ Kxh7 14. Qh5+ Kg8 15. Qxc5 b6 16. Qd6 Qh4 17. f4 Qg4 18. Be3 Bb7 19. Rf3 Nd4 20. Rg3 Ne2+ 21. Nxe2 Qxe2 22. Qxd7 Rf7 23. Qxe6 Qxb2 24. Rd1 Qe2 25. Rxg7+ Kxg7 26. Bd4+ Kg8 27. Qxe2 Rxf4 28. Qe5 1-0

[Event "London e2e4 Diamond Jubilee op-B"]
[Site "London"]
[Date "2012.06.03"]
[Round "2"]
[White "Chua, Jing Yuan Cyril"]
[Black "Horlock, Peter J"]
[Result "1-0"]
[WhiteElo "2250"]
[BlackElo "1701"]
[PlyCount "69"]
[EventDate "2012.06.02"]
[EventType "swiss"]
[EventRounds "7"]
[EventCountry "ENG"]
[SourceTitle "EXT 2014"]
[Source "ChessBase"]
[SourceDate "2013.11.20"]
[SourceVersion "1"]
[SourceVersionDate "2013.11.20"]
[SourceQuality "1"]

1. e4 c5 2. Nf3 Nc6 3. Bb5 e6 4. 0-0 a6 5. Bxc6 bxc6 6. c3 Nf6 7. Re1 Be7 8. d4 0-0 9. Bf4 Bb7 10. Qb3 Qc8 11. Nbd2 cxd4 12. Nc4 Ra7 13. cxd4 d5 14. Nb6 Qd8 15. exd5 Nxd5 16. Nxd5 cxd5 17. Rac1 Bd6 18. Ne5 f6 19. Nd3 Bc8 20. Rxc8 Qxc8 21. Bxd6 Rd8 22. Qb6 Qd7 23. Nc5 Qxd6 24. Qxa7 Rc8 25. g3 e5 26. Nxa6 h6 27. dxe5 fxe5 28. Qb7 Rf8 29. Rc1 Kh8 30. Rc8 Rxc8 31. Qxc8+ Kh7 32. Nc5 Qg6 33. Kg2 Qc2 34. g4 Qxb2 35. Qf5+ 1-0

[Event "Vienna Tschaturanga op"]
[Site "Vienna"]
[Date "2012.05.09"]
[Round "3"]
[White "Kende, Richard"]
[Black "Chua, Jing Yuan Cyril"]
[Result "1-0"]
[WhiteElo "2085"]
[BlackElo "1700"]
[PlyCount "107"]
[EventDate "2012.05.07"]
[EventType "swiss"]
[EventRounds "7"]
[EventCountry "AUT"]
[SourceTitle "CBM 148 Extra"]
[Source "ChessBase"]
[SourceDate "2012.06.22"]
[SourceVersion "1"]
[SourceVersionDate "2012.06.22"]
[SourceQuality "1"]

1. d4 Nf6 2. c4 e6 3. Nc3 Bb4 4. f3 d5 5. a3 Bxc3+ 6. bxc3 h6 7. cxd5 exd5 8. e3 Bf5 9. Bd3 Bxd3 10. Qxd3 Qe7 11. Ne2 0-0 12. 0-0 Re8 13. Ng3 Nc6 14. Ra2 Qe6 15. Re2 Ne7 16. e4 dxe4 17. fxe4 Rad8 18. Qf3 Nh7 19. d5 Qb6+ 20. Be3 Ng5 21. Qg4 Qg6 22. Bd4 Nh7 23. Qf4 Rd6 24. Be5 Ra6 25. Bxc7 Rf6 26. Qd2 Rxf1+ 27. Nxf1 Rc8 28. d6 Rxc7 29. dxc7 Qb6+ 30. Ne3 Qxc7 31. Nd5 Qc5+ 32. Qd4 Qxa3 33. Nxe7+ Qxe7 34. Qxa7 Nf6 35. Qd4 Nd7 36. Rb2 Qa3 37. Rxb7 Qc1+ 38. Kf2 Qf4+ 39. Ke2 Nc5 40. Rb1 Qg4+ 41. Kf1 Nxe4 42. Re1 f5 43. Kg1 Qg5 44. c4 Nd2 45. Qd5+ Kh7 46. c5 Ne4 47. Rxe4 Qc1+ 48. Kf2 fxe4 49. Qxe4+ Kg8 50. c6 Qd2+ 51. Kf3 Qc3+ 52. Kg4 Qc5 53. Qe6+ Kf8 54. Qf5+ 1-0